| 000 | 00383cam a2200157ua 4500 | ||
|---|---|---|---|
| 041 |
_aeng _h |
||
| 082 |
_a230 _bLES/AP |
||
| 100 | _aLeslie, Sir Shane . | ||
| 245 |
_aApologia pro vita sua / _cSir Shane Leslie. _hTextual Documents |
||
| 250 |
_a1 / _b. |
||
| 260 |
_a : _bJ M Dent and Sons Ltd , _c1955. |
||
| 300 | _a334 ; . | ||
| 504 | _a | ||
| 942 | _cBK | ||
| 999 |
_c2553 _d2553 |
||